000
00219 a2200097 4500
001
49409
100
_a
Clark, Arthur
245
_a
Dolphin Island
260
_a
London
_b
Victor Gollancz Limited
_c
090
_c
31947
_d
31947
942
_a
NUST-CAE
_c
M
_c
24388
999
_c
284482
_d
284482